Environmental aspects of transportation in cities : (Record no. 542805)
[ view plain ]
| 000 -LEADER | |
|---|---|
| fixed length control field | 00750nam a2200169 a 4500 |
| 020 ## - INTERNATIONAL STANDARD BOOK NUMBER | |
| International Standard Book Number | 9280711075 reprint |
| 082 ## - DEWEY DECIMAL CLASSIFICATION NUMBER | |
| Classification number | 42994 |
| Author Mark | ENV |
| -- | D |
| 100 1# - MAIN ENTRY--PERSONAL NAME | |
| Personal name | Clavel, Maurice. |
| 9 (RLIN) | 38153 |
| 245 10 - TITLE STATEMENT | |
| Title | Environmental aspects of transportation in cities : |
| Remainder of title | basic guidelines for an environmentally sound transportation system in urban areas. |
| 260 ## - PUBLICATION, DISTRIBUTION, ETC. | |
| Place of publication, distribution, etc. | [Paris, France?] : |
| Name of publisher, distributor, etc. | Industry and Environment Office, United Nations Environment Programme, |
| Date of publication, distribution, etc. | c1986. |
| 300 ## - PHYSICAL DESCRIPTION | |
| Extent | v, 23 p. : |
| Other physical details | ill. ; |
| Dimensions | 30 cm. |
| 526 ## - STUDY PROGRAM INFORMATION NOTE | |
| Program name | 0 |
| Interest level | 0 |
| Reading level | 0 |
| Title point value | 42994_000000000000000_ENV |
| 650 #0 - SUBJECT ADDED ENTRY--TOPICAL TERM | |
| Topical term or geographic name entry element | Transportation, Automotive |
| General subdivision | Environmental aspects. |
| 9 (RLIN) | 38154 |
| 650 #0 - SUBJECT ADDED ENTRY--TOPICAL TERM | |
| Topical term or geographic name entry element | Urban transportation |
| General subdivision | Environmental aspects. |
| 9 (RLIN) | 38155 |
| 710 2# - ADDED ENTRY--CORPORATE NAME | |
| Corporate name or jurisdiction name as entry element | United Nations Environment Programme. |
| 9 (RLIN) | 6136 |
| 942 ## - ADDED ENTRY ELEMENTS (KOHA) | |
| Source of classification or shelving scheme | |
| Koha item type | Book |
| Withdrawn status | Lost status | Source of classification or shelving scheme | Damaged status | Not for loan | Permanent Location | Current Location | Date acquired | Total Checkouts | Full call number | Barcode | Date last seen | Price effective from | Koha item type |
|---|---|---|---|---|---|---|---|---|---|---|---|---|---|
| Military College of Engineering (MCE) | Military College of Engineering (MCE) | 02/18/2014 | 42994 ENV | MCE-42994 | 02/18/2014 | 02/18/2014 | Book |
